000 00419nam a2200181Ia 4500
001 4651
005 20260306145811.0
008 260306t2020||||xx |||||||||||||| ||spa||
041 _aESP
082 _a330
_bB34M
100 _aBecchetti, Leonardo,
_eAUT
245 0 _aManual de economía civil
260 _c2020
300 _a675 páginas :
_c23 cm.
650 _aGEN
654 _aCAN
942 _cLIB
_dJUS
_fJUS
_2ddc
_n
999 _c4651
_d4651